000 00742nam a2200265Ia 4500
005 20260302115710.0
008 008 260114s9999 xx 000 0 eng d
020 _a9781509930241
037 _aTextbook
040 _aCRL
040 _beng
040 _cCRL
041 _2eng
041 _aeng
084 _qCRL
100 _aSwethaa S Ballakrishnen and Sara Dezalay
_91122380
245 0 _aInvisible Institutionalisms Collective Reflections on the Shadows of Legal Globalisation
260 _bBloomsbury
260 _bHart Publishing
260 _c2021
650 _aLaw
856 _uhttps://dx.doi.org/10.5040/9781509930241?locatt=label:secondary_bloomsburyCollections
942 _cEBOOK
999 _c1687158
_d1687158